Estadísticas para Países con una Población Mayor de 50 Millón

Haz click aquí para intentar la prueba.

Estadísticas generales

  • Esta prueba ha sido intentada 5.070 veces
    (4.428 desde el último reinicio)
  • La puntuación promedio es 24 de 29

Estadísticas de respuestas

FechaPoblaciónPaís% Correcto
100 A.C.1,395 MChina
99%
1880328 MEstados Unidos
98%
5001,338 MIndia
98%
1949210 MBrasil
97%
1825147 MRusia
97%
1969125 MMéxico
96%
189383 MAlemania
94%
196667 MFrancia
94%
1911126 MJapón
93%
196060 MItalia
89%
194866 MReino Unido
89%
1916265 MIndonesia
87%
198598 MEgipto
85%
1965193 MNigeria
84%
200858 MSudáfrica
83%
1964202 MPakistán
81%
201850 MColombia
80%
198782 MIrán
79%
200384 MR. D. del Congo
79%
201252 MCorea del Sur
76%
198581 MTurquía
76%
1960165 MBangladés
75%
198469 MTailandia
74%
197795 MVietnam
70%
1992108 MEtiopía
67%
1982107 MFilipinas
67%
201751 MKenia
56%
201454 MTanzania
54%
200554 MMyanmar
50%

Distribución de puntuación

Porcentaje por número respondido

Porcentaje de gente con cada puntuación

Historial de tus puntuaciones

No has intentado esta prueba desde el último reinicio